00234nam a2200109Ia 4500008004100000100001300041245002000054260001400074650001200088942000700100999001700107190216s9999||||xx |||||||||||||| ||und|| aCarr E H 0aWhat Is History bMacmillan aHistory cBK c19340d19340